TB. OF MEDICAL PARASITOLOGY (Record no. 1420)

MARC details
000 -LEADER
fixed length control field 00340nam a2200145Ia 4500
008 - FIXED-LENGTH DATA ELEMENTS--GENERAL INFORMATION
fixed length control field 150201s2012 xx 000 0 und d
082 ## - DEWEY DECIMAL CLASSIFICATION NUMBER
Classification number 616.01
Item number M12C
100 ## - MAIN ENTRY--PERSONAL NAME
Personal name CHAKRABORTY, P.
245 ## - TITLE STATEMENT
Title TB. OF MEDICAL PARASITOLOGY
250 ## - EDITION STATEMENT
Edition statement 2ND
260 ## - PUBLICATION, DISTRIBUTION, ETC. (IMPRINT)
Name of publisher, distributor, etc. NCBA
Place of publication, distribution, etc. DELHI
Date of publication, distribution, etc. 2012
300 ## - PHYSICAL DESCRIPTION
Extent 1-358
650 ## - SUBJECT ADDED ENTRY--TOPICAL TERM
Topical term or geographic name as entry element MICROBIOLOGY
942 ## - ADDED ENTRY ELEMENTS (KOHA)
Source of classification or shelving scheme Dewey Decimal Classification
Koha item type Books
Holdings
Withdrawn status Lost status Source of classification or shelving scheme Damaged status Not for loan Collection code Home library Current library Shelving location Date acquired Source of acquisition SGTU Total Checkouts Full call number Barcode Date last seen Date last checked out Bill Date Koha item type
    Dewey Decimal Classification     MEDICAL SGT Medical Library SGT Medical Library Text Book 19/01/2013 COMP. SGTU 1 616.01 M12C FM5148 08/04/2025 08/04/2025 19/01/2013 Books